000 00758nam a22002297a 4500
001 47608
003 BD-RjUL
005 20211209054342.0
008 160809s1981 bg ||||| |||| 00| 0 ben d
020 _c: TK 30.00
035 _a(BD-RjUL)47727
040 _aBD-RjUL
_bben
_cBD-RjUL
041 _aben
082 _223
_a778.53
_bIMR 1981
100 _aইমাম, আলী
_9123597
245 1 0 _aরুপোলি ফিতে /
_cইমাম আলী
260 _aঢাকা :
_bবাংলাদেশ শিল্পকলা,
_c১৯৮১
300 _a[১৬], ১৫৬ পৃ. ;
_c২১ সেমি
650 _aCinematography
_9119467
650 _aচলচ্চিত্র শিল্প
_9119466
942 _2ddc
_cBK
999 _c47608
_d47608